[Event "Bundesliga 0405"]
[Site "Germany"]
[Date "2005.04.09"]
[Round "14.1"]
[White "Anand, Viswanathan"]
[Black "Savchenko, Stanislav"]
[Result "1/2-1/2"]
[WhiteElo "2781"]
[BlackElo "2497"]
[Annotator "Finkel,A"]
[PlyCount "92"]
[EventDate "2004.11.12"]
[EventType "team-tourn"]
[EventRounds "15"]
[EventCountry "GER"]
[SourceTitle "CBM 107"]
[Source "ChessBase"]
[SourceDate "2005.08.01"]
[SourceVersion "1"]
[SourceVersionDate "2005.08.01"]
[SourceQuality "1"]
[WhiteTeam "Baden Oos"]
[BlackTeam "Hofheim"]
[WhiteTeamCountry "GER"]
[BlackTeamCountry "GER"]

1. e4 e6 2. d4 d5 3. Nc3 dxe4 4. Nxe4 Nd7 5. Nf3 Ngf6 6. Nxf6+ Nxf6 7. c3 {
This poisonous continuation is becoming more and more popular lately, even
though Black could be satisfied with his achievements. The main moves in this
position are considered to be 7.Bd3 and 7.Bg5.} c5 8. Ne5 {The latest fashion!}
(8. Bg5 Be7 9. Bxf6 $6 (9. Bb5+ Bd7 10. Qa4 Bxb5 11. Qxb5+ Qd7 12. Qxd7+ Nxd7
13. Bxe7 Kxe7 $11) 9... gxf6 $6 (9... Bxf6 $1 10. Bb5+ Bd7 11. Qa4 cxd4 12. Rd1
Bxb5 13. Qxb5+ Qd7 14. Qxd7+ Kxd7 15. Nxd4 Ke7 $15) 10. Qa4+ (10. Qb3 $5 Qc7
11. d5 Bd7 12. Bc4 Qf4 $5 13. O-O Rg8 $132) 10... Bd7 11. Bb5 a6 12. Bxd7+ Qxd7
13. Qxd7+ Kxd7 14. O-O-O cxd4 15. Nxd4 Kc7 $11 {Van den Berg,A-Bohm,H/NLD-chT
1995 (28)}) (8. Bb5+ Bd7 9. Bxd7+ Qxd7 10. Be3 cxd4 11. Bxd4 Be7 12. O-O O-O
13. Qe2 Qc7 14. Rad1 Rfd8 $11 {Dvoirys,S-Zakharevich,I/1/2 final Russia Cup,
Perm RUS 1997 (21)}) (8. Be3 $5) 8... a6 9. Be3 Qc7 10. Qa4+ Bd7 {This move
was tried on a couple of occasions, but usualy Black prefers not to give up
the bishop that easy.} (10... Nd7 11. O-O-O cxd4 (11... Rb8 $2 12. dxc5 Qxe5
13. Bf4 Qxc5 14. Bxb8 e5 15. Bxa6 bxa6 16. Bxe5 $16 {Campora,D-Belezky,S/
Seville 2005}) (11... Bd6 12. Nc4 Bf4 13. g3 Bxe3+ 14. Nxe3 O-O 15. d5 $14 {
Dvoirys,S-Zakharevich,I/Novgorod 1997}) 12. Nxd7 (12. Bxd4 Bd6 13. Nxd7 Bxd7
14. Qc4 $1 $14) 12... Bxd7 (12... Qxd7 13. Qc2 Bc5 14. Bxd4 Bxd4 15. Rxd4 Qc6
16. f4 b5 17. Bd3 Bb7 18. Be4 Qc7 $11 {Dominguez,L-Dreev,A/Tripoli 2004}) 13.
Qxd4 Bc6 14. Bc4 Rd8 (14... Bxg2 $5 15. Bf4 Qd8 16. Qe5 Qc8 17. Bxe6 Qxe6 18.
Rhe1 Qxe5 19. Rxe5+ Be7 20. Rde1 O-O {1/2-1/2 Ziatdinov,R-Zakharevich,I/
Vladimir 2004}) 15. Qg4 h5 16. Rxd8+ Qxd8 17. Qg3 Qd6 18. f4 h4 19. Qg4 Be4
$132 {Anand,V-Bareev,E/Monaco 2004}) 11. Nxd7 Nxd7 (11... Qxd7 12. Qxd7+ Nxd7
13. O-O-O cxd4 14. Bxd4 O-O-O 15. f4 Nb8 16. Be2 Nc6 17. Bb6 Rxd1+ 18. Rxd1 $14
{Korneev,O-Slobodjan,R/Arco 2003}) 12. Be2 $5 {Preparing the kingside castle.}
(12. O-O-O O-O-O 13. Be2 Nb6 14. Qb3 Nd5 15. Kb1 Be7 16. Bf3 Rd7 17. Bc1 Rhd8
$13 {Kobalija,M-Milov,V/Ajaccio 2004}) 12... O-O-O 13. O-O Nb6 14. Qa5 {
The only way to fight for an opening advantage.} (14. Qb3 Nd5 15. Rad1 Nxe3 16.
fxe3 Bd6 17. h3 Rhe8 $11) 14... Nd5 $1 {Sacrificing a pawn, but getting a very
strong counterplay over the d-file.} 15. Qxc7+ Kxc7 16. dxc5 Nxe3 17. fxe3 f5 (
17... Bxc5 $6 18. Rxf7+ Rd7 19. Rxd7+ Kxd7 20. Kf2 Rf8+ 21. Bf3 $16) 18. b4 g6
19. Bc4 (19. Bf3 Bg7 20. Rac1 Rd3 $11) 19... Bg7 20. Rac1 Bh6 {[%csl Re3][%cal
Gd8d2]} 21. Rfe1 e5 22. Kf2 (22. Re2 Rd2 23. Kf2 Rhd8) 22... Rd2+ 23. Re2 Rhd8
24. Rc2 Rd1 25. e4 Rf8 26. Kg3 Bc1 $6 {This move is inaccurate and permits
White serious winning chances.} (26... fxe4 $142 27. Rxe4 Rf4 28. Rce2 Rc1 29.
Kh3 Rxc3+ 30. g3 b6 (30... Rxe4 31. Rxe4 Bg7 32. Bg8 h6 33. Re2 $14) 31. cxb6+
Kxb6 32. Bg8 $14) 27. Kh3 $1 (27. exf5 $6 Rxf5 28. Rf2 Rg5+ 29. Kf3 e4+ 30. Ke2
Rg1 31. g3 Rf5 32. Be6 Rxf2+ 33. Kxf2 Rh1 34. Kg2 Rd1 $11) 27... f4 28. Rf2 Be3
29. Rf3 h5 $6 {[%cal Gg6g5]} 30. Kh4 Rfd8 31. Bd5 (31. Kg5 R8d2 32. Rxd2 Rxd2
33. Bf1 Rxa2 34. Kxg6 a5 35. bxa5 Rxa5 36. Kxh5 Rxc5 37. c4 $14) 31... R8xd5 $8
32. exd5 Rxd5 33. Re2 Rd3 34. Kg5 $6 {The idea is correct, but it was
necessary to start with 34.g3 in order to be able to take on f4 after e4 is
pushed by black.} (34. g3 $1 Rxc3 (34... e4 35. Rxf4 Bxf4 36. gxf4 e3 (36...
Rxc3 37. Kg5 a5 38. Kxg6 axb4 39. f5 $18) 37. Kg5 Rd2 38. Rxe3 Rxh2 39. Kxg6 h4
40. f5 h3 41. Kf6 $16) 35. gxf4 exf4 36. Kg5 a5 37. Kxg6 h4 38. Kg5 axb4 39.
Kxh4 Kc6 40. Kg4 Kxc5 41. h4 $16) 34... e4 35. Rfxe3 (35. Rxf4 $2 Rd5+ $19)
35... Rxe3 36. Rf2 f3 37. gxf3 exf3 38. Kxg6 Re2 $1 $11 39. Rxf3 Rg2+ 40. Kh6
Rxh2 41. a4 h4 42. Kh5 (42. a5 h3 43. Kh5 Rh1 44. Kh4 h2 45. Kh3 Kc8 $11) 42...
a5 43. b5 Ra2 44. Rf7+ Kc8 45. Rf8+ Kd7 46. Rf7+ Kc8 1/2-1/2

[Event "Copenhagen Aruna"]
[Site "Copenhagen"]
[Date "1997.05.03"]
[Round "2"]
[White "Sokolovs, Andrei"]
[Black "Aagaard, Jacob"]
[Result "1/2-1/2"]
[WhiteElo "2480"]
[BlackElo "2440"]
[Annotator "Finkel,A"]
[PlyCount "75"]
[EventDate "1997.04.02"]
[EventType "tourn"]
[EventRounds "9"]
[EventCountry "DEN"]
[EventCategory "10"]
[SourceTitle "CBM 059"]
[Source "ChessBase"]
[SourceDate "1997.08.01"]
[SourceVersion "1"]
[SourceVersionDate "1997.08.01"]
[SourceQuality "1"]

1. d4 e6 2. e4 d5 3. Nd2 dxe4 4. Nxe4 Bd7 5. Nf3 Bc6 6. Bd3 (6. Ned2 $5) 6...
Nd7 7. O-O Ngf6 8. Ned2 Bxf3 (8... Be7 9. Re1 O-O 10. Nc4 $14) 9. Qxf3 c6 10.
Re1 Be7 11. Nc4 (11. c3 O-O 12. a4 $1 a5 13. Nc4 $14 Re8 (13... Nb6 14. Ne5
Nbd7 15. Qh3 $36 {>>}) 14. Bf4 Nf8 15. Bg3 {/\ 15...Ng6 16.h4} g6 16. h3 Nd5
17. Ne5 f6 $6 {><e6} (17... Nf6 $142) 18. Nc4 Kg7 19. Re2 b5 $2 (19... b6 {
/\ Ra7}) 20. axb5 cxb5 21. Ne3 $16 {Gavrikov,V-Kelecevic,N/Lenk 1995 (58)})
11... O-O 12. c3 Nd5 (12... Re8 13. Ne5 Nf8 (13... Nxe5 $5 14. dxe5 Nd7 15. Bc2
Qc7 16. Bf4 $14) 14. g4 $5 Bd6 15. Bg5 Ng6 16. Rad1 $36 {Glek Igor V-Lyrberg
Patrik/It (open), Copenhagen (Denmark) 1995 (39)}) 13. Qh3 (13. Bf4 $5 Nxf4 14.
Qxf4 c5 15. Rad1 cxd4 16. Qxd4 Nc5 17. Bc2 $14) 13... g6 {Black's position is
quiet passive,but very solid and difficult to brakthrough.Now black plans to
transfer a bishop to g7,which is the best place in this type of position.} 14.
Bh6 Re8 15. Qg3 Bf8 $6 (15... c5 $5 16. dxc5 (16. Ne3 $5 cxd4 17. Nxd5 exd5 18.
cxd4 Qb6 $13) 16... Nxc5 17. Bc2 b5 18. Ne5 Bf6 19. Rad1 $14) 16. Bxf8 $14 Rxf8
17. Rad1 Qc7 18. Qxc7 {The arising endgame is definitly better for white,whose
pieces are more active,but it demands a lot of efforts and unmistakable play
to convert this advantage into something more.} Nxc7 19. Na5 $1 Rab8 20. Be4 {
Trying to fix black pawns on the queenside.} Rfc8 21. c4 Ne8 22. d5 $5 cxd5 23.
cxd5 exd5 24. Bxd5 Nef6 25. Bf3 (25. Re7 $5 Rc5 $1 (25... Nxd5 26. Rxd7 Nf4 27.
g3 Ne6 28. Nxb7 Rc2 29. Rb1 $16) 26. Nb3 $1 Rxd5 27. Rxd5 Nxd5 28. Rxd7 Nf6 29.
Rc7 Rd8 30. Kf1 Rd7 $11) 25... Rc2 $1 $11 {Starting the counterplay,which
prooves to be enough for a draw.} 26. g4 g5 $1 27. h4 h6 28. Re7 Nf8 (28...
gxh4 $6 29. Rdxd7 Nxd7 30. Rxd7 Rxb2 31. Nxb7 Rxa2 32. Bd5 $16) 29. hxg5 hxg5
30. Re5 Ne6 31. Rf5 Kg7 32. Nxb7 Rxb2 33. Nc5 R8b5 $1 (33... Nxc5 34. Rxg5+ Kf8
35. Rxc5 Rxa2 36. g5 $14) 34. Nxe6+ fxe6 35. Rxb5 Rxb5 36. Rc1 Ra5 37. Rc7+ Kg6
38. Re7 1/2-1/2

[Event "RUS-ch 54th"]
[Site "Elista"]
[Date "2001.05.01"]
[Round "2"]
[White "Aseev, Konstantin N"]
[Black "Feoktistov, Alexey A"]
[Result "1/2-1/2"]
[WhiteElo "2577"]
[BlackElo "2375"]
[Annotator "Finkel,A"]
[PlyCount "68"]
[EventDate "2001.04.29"]
[EventType "swiss"]
[EventRounds "9"]
[EventCountry "RUS"]
[SourceTitle "CBM 083"]
[Source "ChessBase"]
[SourceDate "2001.07.05"]
[SourceVersion "1"]
[SourceVersionDate "2001.07.05"]
[SourceQuality "1"]

1. e4 e6 2. d4 d5 3. Nc3 dxe4 4. Nxe4 Nd7 5. Nf3 Ngf6 6. Bd3 c5 7. O-O Nxe4 (
7... cxd4 8. Nxd4 Be7 9. Re1 O-O 10. c3 Nxe4 11. Bxe4 Nf6 12. Bc2 Bd7 13. Qd3
g6 14. Bh6 Re8 15. Qf3 Qb6 16. Bb3 Rad8 17. Re2 Bc6 18. Nxc6 Qxc6 19. Qxc6 bxc6
20. h3 $16 {Yemelin,V-Erendzhenov,S/RUS-ch Elista 1995/1-0 (67)}) 8. Bxe4 Nf6 (
8... Be7 $5 9. Qe2 Qb6 10. Rd1 O-O 11. c3 Rd8 12. Bc2 Nf8 13. Be3 $14 {Ebeling,
M-Kujala,A/FIN-chT 1989 (31)}) 9. Bg5 cxd4 (9... h6 10. Bxf6 Qxf6 11. c3 $5 {
[%cal Gd1a4]} Bd6 12. Qa4+ Bd7 13. Qa3 Qe7 14. dxc5 Bxc5 15. b4 Bb6 16. Bxb7
$16 {Honfi,K-Dolgener,T/Budapest FS09 IM-B 1995/1-0 (50)}) 10. Nxd4 (10. Qe2
Be7 11. Rad1 Nxe4 12. Rxd4 Qxd4 $2 (12... Qc7 $2 13. Bxe7 Qxe7) (12... Bd7 $142
13. Bxe7 Qxe7 14. Qxe4 Bc6 $11) 13. Nxd4 Nxg5 14. f4 Nh3+ 15. gxh3 O-O 16. Qe4
$14 {Morozevich,A-Zakharevich,I/RUS-Cup6 1997}) 10... Be7 (10... Bc5 11. Nb3 (
11. c3 h6 $5 12. Bxf6 $5 Qxf6 13. Qa4+ Bd7 14. Qc4 Bxd4 15. cxd4 Rc8 16. Qb4 b6
(16... Bc6 17. Bxc6+ bxc6 18. Qb7 O-O 19. Qxa7 $16) 17. d5 $5 $14 {Rublevsky,
S-Christiansen,L/WchT 4th 1997/1-0 (61)}) 11... Bd6 12. Bxf6 gxf6 13. Qh5 f5
14. Bxf5 $4 exf5 15. Rfe1+ Be7 16. Re3 f4 $19 {Ardeleanu,A-Negulescu,A/Cupa
Dinamo 1998}) 11. Bf3 $5 {[%cal Gf3a8] Bishop is perfectly placed on the
diagonal h1-a8.} (11. Bd3 O-O 12. c3 Qd5 $1 13. Nf3 Rd8 14. Bc2 Qxd1 15. Raxd1
Bd7 $11 {Pandavos,P-Ellison,D/Balatonbereny op 1992}) 11... O-O 12. Re1 a6 (
12... Qa5 13. Bh4 (13. Qd2 $5 Qxd2 14. Bxd2 Rd8 15. c3 Nd5 16. Rad1 Bf6 17. Bc1
$14) 13... Rd8 14. c3 e5 $2 15. Qe2 exd4 16. Qxe7 $16) 13. c3 Qc7 14. Qd2 (14.
Qe2 Re8 {[%csl Re7]} 15. Rad1 Bd7 16. Bh4 Rad8 17. Bg3 Qb6 $13) 14... Rd8 15.
Rad1 Bd7 16. Nf5 {[%cal Ge1e7] It's hard to believe, but this move leads to a
draw almost by force, that's why white shoud have prefered} (16. Qf4 $5 $14 {
with better prospects.}) 16... Ba4 $1 {[%cal Gd8d1,Ga4d1]} (16... Bc6 17. Nxe7+
(17. Qf4 $6 Qxf4 18. Nxe7+ Kf8 19. Bxf4 Bxf3 20. gxf3 Kxe7 $11) 17... Qxe7 18.
Qf4 Bxf3 19. Qxf3 b6 20. Rd4 $1 $14) 17. Qf4 (17. Nxe7+ Qxe7 $17) 17... Rxd1 $1
18. Bxd1 Qxf4 19. Nxe7+ (19. Bxf4 Bxd1 20. Nxe7+ Kf8 21. Rxd1 Kxe7 22. c4 $14)
19... Kf8 20. Bxf4 Bxd1 21. Bd6 (21. Rxd1 $5 $14) 21... Bc2 22. Nd5+ Kg8 (22...
Ke8 $2 23. Nc7+ Kd7 24. Nxa8 Kxd6 25. Nb6 Kc5 26. Rc1 $18) 23. Nxf6+ gxf6 24.
Be7 Kg7 25. Rc1 Ba4 $11 (25... Be4 $5 26. Rd1 Re8 27. Bc5 Rc8 28. Be3 Bd5 $11)
26. b3 Re8 $1 (26... Bc6 27. Rd1 Re8 28. Bd8 $1 $14) 27. Bxf6+ Kxf6 28. bxa4
Rd8 {[%cal Gd8d2]} 29. Kf1 Rd2 30. Rb1 Rxa2 31. Rxb7 a5 32. Ra7 Rxa4 33. Ke2
Ra2+ 34. Ke3 Rc2 1/2-1/2

[Event "Dos Hermanas-B"]
[Site "Dos Hermanas"]
[Date "2001.04.22"]
[Round "4"]
[White "Moreno Carnero, Javier"]
[Black "Cifuentes Parada, Roberto"]
[Result "1/2-1/2"]
[WhiteElo "2480"]
[BlackElo "2496"]
[Annotator "Finkel,A"]
[PlyCount "83"]
[EventDate "2001.04.19"]
[EventType "tourn"]
[EventRounds "9"]
[EventCountry "ESP"]
[EventCategory "9"]
[SourceTitle "CBM 083"]
[Source "ChessBase"]
[SourceDate "2001.07.05"]
[SourceVersion "1"]
[SourceVersionDate "2001.07.05"]
[SourceQuality "1"]

1. e4 e6 2. d4 d5 3. Nc3 Nf6 4. Bg5 dxe4 5. Nxe4 Nbd7 6. Nxf6+ Nxf6 7. Nf3 h6
8. Be3 Bd6 (8... Nd5 9. Bd3 (9. Bd2 Be7 10. Be2 O-O 11. O-O c5 12. dxc5 Qc7 $6
13. c4 Nf4 14. Bxf4 Qxf4 15. b4 a5 16. a3 $14 {Tischbierek,R-Ellers,H/BL9798
1997}) 9... c5 10. O-O Bd6 11. Bb5+ $6 Bd7 12. Bxd7+ Qxd7 13. dxc5 Nxe3 14.
fxe3 Bxc5 15. Qxd7+ Kxd7 16. Ne5+ Ke8 $15 {Bagirov,R-Kacheishvili,G/Baku 1997})
9. Bd3 (9. Qd3 b6 10. Ne5 Bxe5 11. dxe5 Qxd3 12. Bxd3 Nd5 13. Bd2 Bb7 14. O-O-O
{1/2-1/2 Zezulkin,J-Schmidt,W/POL-chT 1994}) 9... Qe7 (9... Bd7 10. Qe2 Qe7 11.
O-O O-O 12. c4 c5 13. Rad1 Rfd8 14. Bb1 Ba4 15. b3 Bc6 16. Ne5 $14 {Huebner,
R-Nogueiras,J/Elista olm 1998}) 10. Qe2 (10. O-O O-O 11. Re1 b6 12. c4 Bb7 13.
d5 Rae8 14. h3 {1/2-1/2 Almasi,Z-Huebner,R/Mitropa Cup 1999}) 10... Nd5 11. Bd2
{If white wants to give up the bishop anyway why to lose a tempo?} (11. O-O-O
Nxe3 12. Qxe3 Bd7 13. Ne5 O-O-O 14. f4 Kb8 $13) (11. O-O $5 Nxe3 12. Qxe3 Bd7
13. Rae1 Bc6 14. Ne5 Bxe5 15. Qxe5 Qg5 16. Qxg5 hxg5 17. Re5 Rd8 18. c3 Rd5 19.
Rfe1 $14) 11... Nf4 12. Bxf4 Bxf4 13. O-O Bd6 14. Qe4 $1 {Preventing castle
and developing of the bishop as well.} c6 (14... Rb8 15. Rfe1 Bd7 16. Ne5 $14)
15. c4 $1 (15. Rfe1 $5) 15... Bd7 (15... c5 16. Rfe1 cxd4 17. Rad1 Qf6 18. Bc2
$14) 16. c5 $14 Bc7 17. Rfe1 $6 (17. b4 O-O-O (17... g6 18. a4 O-O 19. Ne5 Rad8
20. f4 $16 {[%cal Ga1e1,Ge1e3,Ge3g3]}) 18. a4 g5 19. b5 Be8 20. Rfb1 $36 {
[%cal Ga4a6]}) 17... g6 18. b4 O-O-O 19. Qe2 $6 (19. a4 $36 {[%cal Ge1b1,Gb4b5]
}) 19... g5 20. Rab1 Be8 21. Qb2 $6 (21. Qe4 $5 $14) 21... g4 22. Nd2 (22. Ne5
Bxe5 (22... h5 23. b5 cxb5 24. Bxb5 Bxb5 25. Qxb5 Bxe5 26. dxe5 $40) 23. Rxe5
Qd7 24. Re4 f5 25. Rf4 Qc7 26. Qd2 $14) 22... Qf6 $132 23. Re4 Rg8 24. g3 (24.
b5 Rg5 {[%cal Gg5d5]} 25. a4 Rgd5 26. Nb3 h5 $132) 24... Rg5 25. Rbe1 h5 26.
Bf1 h4 (26... Rgd5 27. Nb3) 27. a4 hxg3 28. fxg3 Bd7 29. Bg2 (29. b5 $6 Rxc5 {
[%cal Gf6b2]}) 29... Rh8 $15 30. Nf1 Qg7 31. b5 $6 (31. Qd2 Rd5 32. Rd1 (32.
Qf2 f5 33. Rf4 Bxf4 34. Bxd5 Bxg3 35. Nxg3 cxd5 36. b5 Qh6 $15) 32... Rdh5 33.
Qf2 Qh6 $36 {[%csl Rh2][%cal Gf7f4]}) 31... Rxc5 $5 32. Rxg4 Qxg4 (32... Rxb5
$5 33. axb5 Qxg4 34. bxc6 Bxc6 35. d5 {[%cal Gb2h8,Gd5c6]} Bb6+ 36. Kh1 Bd4 $1
$17) 33. dxc5 Rh5 $15 {[%csl Rc5]} 34. Be4 Rxc5 $6 (34... Qg5 $5 35. Rc1 Qe5 $1
36. Qxe5 Bxe5 $17 {[%csl Rc5]}) 35. Qh8+ Bd8 36. Qf8 Rg5 37. Nd2 $2 (37. Qxf7
Rg7 (37... Bb6+ 38. Kg2 Re5) 38. Qf8 Rg8 39. Qf7 Be8 40. Qf3 $15) 37... Rd5 $6
(37... f5 $1 38. bxc6 bxc6 39. Bxc6 Qd4+ 40. Kf1 Bxc6 $19) 38. b6 $1 (38. Bxd5
Qd4+ 39. Kf1 exd5 $17 {[%csl Ra4,Rb5,Rf1][%cal Gd7h3]}) 38... axb6 (38... Rxd2
$4 39. bxa7 $18) (38... Rd4 $5) 39. Nc4 $13 Rd1 (39... Qg5 40. Nxb6+ Kc7 41.
Bxd5 Kxb6 42. Bf3 $14) 40. Nxb6+ Kc7 41. Na8+ Kc8 42. Nb6+ 1/2-1/2

[Event "Metalska Trgovina CC 90"]
[Site "Ljubljana"]
[Date "2002.01.26"]
[Round "7"]
[White "Volokitin, Andrei"]
[Black "Tratar, Marko"]
[Result "1/2-1/2"]
[WhiteElo "2586"]
[BlackElo "2424"]
[Annotator "Finkel,A"]
[PlyCount "73"]
[EventDate "2002.01.19"]
[EventType "tourn"]
[EventRounds "11"]
[EventCountry "SLO"]
[EventCategory "11"]
[SourceTitle "CBM 088"]
[Source "ChessBase"]
[SourceDate "2002.03.21"]
[SourceVersion "1"]
[SourceVersionDate "2002.03.21"]
[SourceQuality "1"]

1. e4 e6 2. d4 d5 3. Nc3 dxe4 4. Nxe4 Nd7 5. g3 $5 {Aiming to deviate from
main lines.} Be7 6. Bg2 Ngf6 7. Nxf6+ (7. Ne2 O-O 8. O-O Rb8 9. Nxf6+ Nxf6 10.
Qd3 b5 11. Nc3 b4 12. Ne4 Bb7 13. a3 bxa3 14. b3 $14 {Spangenberg,H-Nogueiras,
J/Yerevan 1996/EXT 97}) 7... Bxf6 8. Nf3 O-O 9. O-O e5 (9... c5 10. c3 cxd4 11.
Nxd4 Qb6 12. Qb3 $6 Bxd4 13. cxd4 Qxb3 14. axb3 Nb6 $13 {Magem Badals,J-De la
Villa Garcia,J/Pamplona 1991/CBM 28}) 10. Be3 (10. Re1 exd4 11. Nxd4 Nb6 12.
Nb5 Bd7 13. Qd3 Re8 14. Bf4 Bxb5 15. Qxb5 c6 16. Qb3 Rxe1+ 17. Rxe1 $14 {
Shirov,A-Ehlvest,J/Tallinn 1996/CBM 50 ext}) 10... exd4 11. Bxd4 c6 (11... c5
12. Bxf6 Nxf6 13. Qxd8 Rxd8 14. Ne5 g6 15. Nd3 Bf5 16. Bxb7 Bxd3 17. cxd3 Rab8
$11 {Ivanov,A-Christiansen,L/Chandler 1997/CBM 61}) (11... Nb6 $5 12. Bxf6 Qxf6
13. Qd4 Qxd4 14. Nxd4 c6 15. a4 Rd8 16. c3 Nd5 17. a5 $14 {Motwani,P-Hempson,P/
Blackpool 1988/TD}) 12. Re1 Bxd4 (12... Nb6 13. Bxf6 Qxf6 14. Qd4 Qxd4 15. Nxd4
Rd8 16. a4 a5 17. Nb3 $14 {Bezgodov,A-Dokutchaev,A/St Petersburg 1998/EXT 99})
13. Qxd4 {White keeps slightly better chances tdue to better position of the
pieces and certain advantage in development, but his advantage is minimal and
black has great chances to keep the balance.} Nb6 $5 (13... Nf6 14. a4 Qxd4 15.
Nxd4 Rd8 16. c3 a5 17. Re5 Nd7 18. Re7 Kf8 19. Rae1 Nc5 (19... Nf6 20. h3 Bd7
21. R7e5 Re8 $11 {Hracek,Z-Ehlvest,J/Yerevan 1996/CBM 53}) 20. Bf1 Bd7 $11 {
[%cal Gd8e8] Lutz,C-Van der Sterren,P/Germany 1997/GER-chT}) 14. a4 $6 (14. Qf4
$5 Nd5 (14... Be6 15. Rad1 Qb8 16. Qh4 $14) 15. Qd2 Qf6 16. c4 Nb6 17. b3 Be6
18. Qg5 $5 $14) 14... Qxd4 15. Nxd4 a5 16. Nb3 Rd8 17. Nc5 Kf8 18. Re2 {
It's hard to recommend anything else:} (18. c3 Nc4 19. Re2 Re8 20. Rxe8+ Kxe8
21. Re1+ Kd8 $11) 18... Re8 19. Rae1 Rxe2 20. Rxe2 Nd5 $5 ({Another
possibility was} 20... Nd7 21. Ne4 Nb6 22. Nd6 Be6 23. b3 (23. Nxb7 Nxa4 24. b3
Nc3 25. Re3 Nd5 $11 {[%cal Ga5a4]}) 23... Rb8 $11 {and black seems to solve
all his problems.}) 21. Bxd5 cxd5 22. Rd2 b6 23. Nd3 (23. Nb3 Bd7 $11 {[%csl
Ra4]}) 23... Be6 24. Nf4 Rc8 25. f3 Ke7 (25... Rc4 $5 26. b3 Rc5 $11) 26. h4 h6
27. h5 Rc4 28. b3 Rc5 29. Kf2 Rc3 30. g4 Kd6 31. Ne2 Rc5 32. Ke3 f5 (32... g5
$5) 33. Kf4 fxg4 34. fxg4 Rc7 35. c4 Rf7+ 36. Kg3 Ke5 37. Nd4 {After37...d:c4
38.N:e6 K:e6 39.b:c4 the draw is inevitable.} 1/2-1/2

[Event "RUS-ch 54th"]
[Site "Elista"]
[Date "2001.05.01"]
[Round "2"]
[White "Dolmatov, Sergey"]
[Black "Burmakin, Vladimir"]
[Result "1-0"]
[WhiteElo "2587"]
[BlackElo "2522"]
[Annotator "Finkel,A"]
[PlyCount "107"]
[EventDate "2001.04.29"]
[EventType "swiss"]
[EventRounds "9"]
[EventCountry "RUS"]
[SourceTitle "CBM 083"]
[Source "ChessBase"]
[SourceDate "2001.07.05"]
[SourceVersion "1"]
[SourceVersionDate "2001.07.05"]
[SourceQuality "1"]

1. e4 e6 2. d4 d5 3. Nc3 dxe4 4. Nxe4 Bd7 5. Nf3 Bc6 6. Bd3 Nd7 7. O-O Ngf6 8.
Ng3 Bxf3 9. Qxf3 c6 10. b3 Qa5 (10... Be7 11. Bb2 O-O 12. Rfe1 (12. c4 Re8 13.
Rfe1 Nf8 14. Rad1 Qc7 15. Ne4 Nxe4 16. Rxe4 Ng6 17. g3 Rad8 18. h4 Nf8 19. Rde1
$14 {Motylev,A-Dokuchaev,A/St.Petersburg op2 1994}) 12... Re8 13. c4 Bf8 14. h4
Qa5 15. a3 Rad8 16. Bc2 b5 17. c5 Nd5 18. Ne4 Qc7 19. Bc1 Be7 $6 (19... e5 20.
Ng5 N7f6 $13) 20. Ng5 $1 $14 {Kveinys,A-Kertesz,A/Bonn GSK 1995}) (10... Bd6
11. Bb2 O-O 12. c4 Re8 13. Rad1 a5 14. a4 Qc7 15. Bc2 Be7 16. Rfe1 Nf8 17. h4
$14 {Huebner,R-Kelecevic,N/SWZ-chT9697 1997}) 11. a3 (11. Bb2 Ba3 12. Bxa3 Qxa3
13. Rfe1 O-O 14. Ne4 a5 15. Nd2 Qd6 16. c3 Rfd8 17. Nc4 $14 {Golubev,
M-Kelecevic,N/SWZ-ch op 1994}) 11... Qd5 (11... Bd6 12. Bb2 Qg5 13. Rfe1 O-O
14. Ne4 Nxe4 15. Rxe4 Nf6 16. Bc1 Qh5 17. Qxh5 Nxh5 18. c4 g6 19. Bg5 Rfe8 $11
{Loncar,R-Pavlovic,R/CRO-Cup Pula 1994}) (11... Be7 12. Bb2 O-O 13. Rfe1 Rfe8
14. Rad1 Bf8 15. c4 Qd8 16. Bb1 g6 17. Ne2 Bg7 18. Nf4 Qc7 19. Nd3 Rad8 20. Re2
$14 {Stankovic,M-Medjedovic,J/JUG-chTW 1997}) 12. Qe3 c5 13. Bb2 cxd4 14. Qxd4
$1 (14. Bxd4 Bc5 15. Bxc5 Qxc5 (15... Nxc5 $6 16. Bb5+ Ncd7 17. c4 Qd6 18. Rfd1
$36) 16. Qxc5 Nxc5 17. Bb5+ Ke7 18. Rad1 Rhd8 $11) 14... Qxd4 15. Bxd4 Bc5 16.
Bb2 $1 $14 {It's very imortant for white to keep both his bishops on the board,
otherwise black doesn't face any problems.} O-O-O 17. b4 Bb6 (17... Bd6 18.
Rfe1 Rhe8 19. Rad1 g6 20. c4 $14) 18. Rad1 Nb8 19. Be2 Rxd1 20. Rxd1 Nbd7 $6 (
20... Rd8 21. Rxd8+ Kxd8 22. Bf3 Nc6 23. c4 Bc7 24. Kf1 Be5 25. Bc1 Kc7 $14)
21. c4 Bc7 22. Bd4 a6 $6 {It's hard to call this natural move an inaccuracy,
but in the future this pawn may become weakness.} 23. Nh5 $1 Nxh5 $6 {After
this move black is forced to play 24...e5, which is another achievment for
white.} (23... Rg8 $5) 24. Bxh5 e5 (24... f6 25. Bf7 e5 26. Be3 $14) 25. Bc3 g6
26. Be2 Rd8 27. c5 {[%cal Ge2c4,Gc4e6]} Nb8 28. Rxd8+ Kxd8 29. Bc4 f6 (29...
Ke7 30. Bd5 Nc6 31. f3 $14) 30. f3 b6 31. cxb6 Bxb6+ 32. Kf1 Be3 33. Bb2 $5 (
33. Ke2 Bc1 34. a4 Ke7 35. Kd3 Kd6 36. Bg8 h6 37. Bh7 g5 38. Ke4 $16) 33... Kc7
34. Ke2 Bg1 35. h3 Kb6 $6 (35... Kd6) 36. Bg8 h6 37. Bf7 g5 38. Kd3 {[%cal
Gd3g6]} Nc6 39. Ke4 Bd4 $6 {Now the knight has to take the passive position on
e7 in order to prevent penitration of white king vai e4-f5.} (39... Nd4 $1 40.
Bc4 a5 41. Kd5 axb4 42. axb4 Kc7 43. Bd3 $14) 40. Bc1 $1 $16 Ne7 41. g4 Kb5 42.
Kd3 Nc8 43. Bc4+ Kb6 44. Ke4 Ne7 (44... Nd6+ 45. Kd5 Nxc4 46. Kxc4 Kc6 47. a4
Bf2 48. b5+ axb5+ 49. axb5+ Kb6 50. Ba3 $18 {[%csl Rf6,Rh6][%cal Ga3e7]}) 45.
Bd2 Kb7 46. a4 Kb6 47. Bf7 Bf2 48. Bc3 Bg1 $6 (48... Kb7 49. Bc4 Kb6 50. a5+
Kb7 51. b5 axb5 52. Bxb5 Bc5 53. Bc4 Ka7 54. Be1 $16) 49. Be1 $1 $18 {[%cal
Gh3h5]} Bd4 50. h4 Kc6 51. h5 Kb6 52. Bc4 Bg1 53. Bc3 Bf2 54. Bb2 $1 {[%cal
Gb2a3,Gb4b5,Ge4g6]} 1-0